| 000 | 00470nam a2200157 a 4500 | ||
|---|---|---|---|
| 001 | 000031505 | ||
| 005 | 20240305090859.0 | ||
| 008 | 110627s1918 dr 000 0 spa d | ||
| 040 |
_aDO-SdBNP _bspa _cBNPHU |
||
| 082 |
_axxx _bV496h |
||
| 100 | 1 |
_aVerges, Pedro, _d1945- _912149 |
|
| 245 | 1 | 0 |
_aHitos de la carrera militar del GeneralĂsimo Trujillo / _cPedro L. VergĂ©s Vidal. |
| 260 |
_a[Santo Domingo] : _b[s.n], _c[1918]. |
||
| 300 |
_a12 p. ; _c24 cm. |
||
| 049 | _aBNPD | ||
| 999 |
_c30997 _d30997 |
||